000 00409nam a22001337a 4500
082 _aBICSE-7,PR,1455
100 _aShazar Anis
_992259
245 _aA real time location based business directory
260 _aNUST SEECS Islamabad
_bNUST SEECS Islamabad
_c2013
300 _a33
500 _aSupervisor;DR.Usman Younis
856 _uhttp://10.250.8.41:8080/xmlui/handle/123456789/28764
942 _cBK
_2ddc
999 _c489717
_d489717